| Tag |
First Indicator |
Second Indicator |
Subfields |
| LEADER |
00000cam a2200000 a 4500 |
| 001 |
in00000018000 |
| 005 |
20151007053125.0 |
| 008 |
860512s1986 ctua b 10100 eng |
| 010 |
|
|
|a 86157800
|
| 020 |
|
|
|a 0887360629 (pbk.)
|
| 035 |
|
|
|a (OCoLC)13947671
|
| 035 |
|
|
|9 AAB0480AM
|
| 040 |
|
|
|a DLC
|c DLC
|d OCL
|d UtOrBLW
|
| 049 |
|
|
|a TXAM
|c [A12610460]
|
| 050 |
0 |
0 |
|a Z678.9.A1
|b S34 1986
|
| 082 |
0 |
|
|a 025.3/028/5
|2 19
|
| 245 |
0 |
0 |
|a SCIL 1986 :
|b Software/Computer Conference and Exposition for Information Managers and Librarians : conference proceedings /
|c Nancy Jean Melin, chair.
|
| 264 |
|
1 |
|a Westport, CT :
|b Meckler Pub.,
|c [1986]
|
| 264 |
|
4 |
|c ©1986
|
| 300 |
|
|
|a viii, 213 pages :
|b illustrations ;
|c 23 cm.
|
| 336 |
|
|
|a text
|b txt
|2 rdacontent
|
| 337 |
|
|
|a unmediated
|b n
|2 rdamedia
|
| 338 |
|
|
|a volume
|b nc
|2 rdacarrier
|
| 500 |
|
|
|a Contains executive summaries of papers presented at the conference, held Mar. 18-20, 1986, Atlanta, Ga.
|
| 500 |
|
|
|a Includes bibliographies and index.
|
| 650 |
|
0 |
|a Library science
|x Data processing
|v Congresses.
|
| 650 |
|
0 |
|a Libraries
|x Automation
|v Congresses.
|
| 650 |
|
0 |
|a Information science
|x Data processing
|x Congresses.
|
| 650 |
|
0 |
|a Information services
|x Automation
|x Congresses.
|
| 700 |
1 |
|
|a Nelson, Nancy Melin.
|
| 711 |
2 |
|
|a Software/Computer Conference and Exposition for Information Managers and Librarians
|d (1986 :
|c Atlanta, Ga.)
|
| 740 |
0 |
|
|a Software/Computer Conference and Exposition for Information Managers and Librarians.
|
| 999 |
|
|
|a MARS
|
| 999 |
f |
f |
|s f946171f-d7c3-3a59-91f7-c0c2af8e0a4d
|i 5a66f627-9c70-3b0c-baa5-688541fd84ca
|t 0
|
| 952 |
f |
f |
|p ric
|a Texas A&M University
|b Rellis Campus
|c Joint Library Facility
|d Remote Storage
|t 0
|e Z678.9.A1 S34 1986
|h Library of Congress classification
|i unmediated -- volume
|m A14812610460
|
| 998 |
f |
f |
|a Z678.9.A1 S34 1986
|t 0
|l Remote Storage
|